Aplikace metod vícekriteriálního vyhodnocování

Salvato in:
Dettagli Bibliografici
Autore principale: Černý, Martin
Altri autori: Glückaufová, Dagmar
Natura: Libro
Lingua:ceco
Pubblicazione: Praha Ekonomický ústav ČSAV 1979
Tags: Aggiungi Tag
Nessun Tag, puoi essere il primo ad aggiungerne!!

MARC

LEADER 00000nam a2200000 4500
001 0222666
005 20240822101701.3
041 0 |a cze 
044 |a CZ 
245 1 0 |a Aplikace metod vícekriteriálního vyhodnocování  |c Martin Černý, Dagmar Glückaufová 
264 1 |a Praha  |b Ekonomický ústav ČSAV  |c 1979 
300 |a 164 s. 
100 1 |a Černý, Martin 
700 1 |a Glückaufová, Dagmar